Bài giảng kỹ thuật khai thác thủy sản
Bài giảng giới thiệu về: nguyên vật liệu cấu thành nên sợi và chỉ lưới; các phương pháp thi công, chế tạo ngư cụ, phân loại ngư cụ, cấu tạo và kỹ thuật khai thác một số loại ngư cụ đang được phổ biến ở ĐBSCL hiện nay. Đồng thời giơ...
Spremljeno u:
| Glavni autor: | |
|---|---|
| Format: | Knjiga |
| Jezik: | Undetermined |
| Izdano: |
Cần Thơ
Trường Đại học Cần Thơ
2000
|
| Teme: | |
| Oznake: |
Dodaj oznaku
Bez oznaka, Budi prvi tko označuje ovaj zapis!
|
| Thư viện lưu trữ: | Trung tâm Học liệu Trường Đại học Cần Thơ |
|---|
| LEADER | 01116nam a2200205Ia 4500 | ||
|---|---|---|---|
| 001 | CTU_36396 | ||
| 008 | 210402s9999 xx 000 0 und d | ||
| 082 | |a 639.2 | ||
| 082 | |b H513 | ||
| 100 | |a Hà, Phước Hùng | ||
| 245 | 0 | |a Bài giảng kỹ thuật khai thác thủy sản | |
| 245 | 0 | |c Hà Phước Hùng (biên soạn) | |
| 260 | |a Cần Thơ | ||
| 260 | |b Trường Đại học Cần Thơ | ||
| 260 | |c 2000 | ||
| 520 | |a Bài giảng giới thiệu về: nguyên vật liệu cấu thành nên sợi và chỉ lưới; các phương pháp thi công, chế tạo ngư cụ, phân loại ngư cụ, cấu tạo và kỹ thuật khai thác một số loại ngư cụ đang được phổ biến ở ĐBSCL hiện nay. Đồng thời giới thiệu thêm một vài ngư cụ mới sẽ được phát triển trong tương lai ở khu vực ĐBSCL. | ||
| 650 | |a Fish,Fishing | ||
| 650 | |x Culture | ||
| 904 | |i Thùy Trang (sửa) | ||
| 980 | |a Trung tâm Học liệu Trường Đại học Cần Thơ | ||